000 00759nas a2200229 4500
001 BR9209741
003 BR-BrBNA
005 20231205093325.0
007 ta
008 230509b bl.|||p| |||| 00| 00por d
040 _aBR-BrBNA
_bpor
_cBiblioteca Nacional de Agricultura
041 _a(Pt)
072 _aF04
100 1 _aCruz, A.P.
100 1 _aNeptune, A.M.L.
245 1 _aEfeito da nitrapirina associada ou nao com ureia na relcao N-NH4/N-NO3 do solo e na cultura do trigo (Triticum aestivum L.)
650 _aTRIGO
650 _aUREIA
773 0 _tAnais da Escola Superior de Agricultura Luiz de Queiroz (Brazil)
_xISSN 0071-1276
_g(1982), v. 39(2) p. 1177-1189
_wBR9209741
909 _a202311
_bLúcia
_c55
_dLúcia Elande
942 _2AGRIS
_n0
_cANA
999 _c137529
_d137529